Επιστήμη υλικών των πολυμερών για μηχανικούς

Αποθηκεύτηκε σε:
Λεπτομέρειες βιβλιογραφικής εγγραφής
Κύριος συγγραφέας: Osswald, Tim A.
Άλλοι συγγραφείς: Menges, Georg, 1923-2021
Μορφή: Βιβλίο
Γλώσσα:Greek
English
Δημοσίευση: Nicosia, Cyprus : Broken Hill, c2019.
Θέματα:
Ετικέτες: Προσθήκη ετικέτας
Δεν υπάρχουν, Καταχωρήστε ετικέτα πρώτοι!

MARC

LEADER 00000cam a2200000 a 4500
001 1/124108
008 220110s2019####cy | ||| |||| ||gre||
020 |a 9789925575497 
040 |a GR-MyUa  |b gre  |c GR-MyUa  |e AACR2 
041 1 |a gre  |h eng 
082 7 |a 620.192   |2 (23) 
100 1 |a Osswald, Tim A. 
245 1 0 |a Επιστήμη υλικών των πολυμερών για μηχανικούς /   |c Tim A. Osswald, Georg Menges ; επιμέλεια, πρόλογος έκδοσης Γιάννης Δημακόπουλος ; μετάφραση Διονύσιος Ι. Φωτεινός. 
260 |a Nicosia, Cyprus :   |b Broken Hill,   |c c2019. 
300 |a 699 σ. : Materials science of polymers for engineers   |b εικ. ;   |c 24 εκ. 
500 |a Τίτλος πρωτοτύπου: Materials science of polymers for engineers. 
504 |a Περιλαμβάνει βιβλιογραφικές παραπομπές και ευρετήριο. 
650 0 |a Polymers 
650 0 |a Plastics. 
700 1 |a Menges, Georg,   |d 1923-2021. 
852 |a INST  |b SYROS  |c EUDOXUS  |e 20220110  |h 620.192 OSS  |p 005500015188  |q 005500015188  |t EDX  |y 0 
920 |a Εύδοξος  |b Παραγγελία  |y Σύρος-ΤΜΣΠΣ  |z 2022-01 
970 |a Κοντού  |b Παρασκευή  |z 10/01/2022